| 000 | 00892nam a2200265 i 4500 | ||
|---|---|---|---|
| 001 | 15611 | ||
| 003 | ES-MaACL | ||
| 005 | 20250808040923.0 | ||
| 007 | t| | ||
| 008 | 000405s1999 sp ||||1| spa d | ||
| 020 | _a84-206-9031-7 | ||
| 080 | _a929 Velázquez Diego | ||
| 080 | _a75 Velázquez, Diego | ||
| 100 | 1 |
_aBrown, Jonathan, _d1939- _932005 |
|
| 245 | 1 | 0 |
_aVelázquez _b: pintor y cortesano / _cJonathan Brown ; [versión española de Fernando Villaverde]. |
| 250 | _a1ª ed., 4ª reimp. | ||
| 260 |
_aMadrid : _bAlianza Editorial, _c1999. |
||
| 300 |
_aXIII, 322 p. : _bil. col. y n. ; _c34 cm. |
||
| 490 | 1 |
_aAlianza forma. Serie especial ; _v5 |
|
| 600 | 1 | 4 |
_aVelázquez, Diego, _d1599-1660 _9113793 |
| 700 | 1 |
_aVillaverde, Fernando. _9115175 |
|
| 830 | 1 | 0 |
_aAlianza forma. Serie especial _v5 _9181045 |
| 852 |
_aES-MaACL _jL-22666 |
||
| 999 |
_c15611 _d15611 |
||